What is a firm? A historical perspective.
Problematika výkladu pojmu "podnik" (firma). Podstata pojmu podnik a história jeho vzniku. Pravideľnosť chodu podniku. Organizačné schopnosti a teória podniku. Vznik dynamickej teórie podniku.
Salvato in:
| Autore principale: | |
|---|---|
| Natura: | Capitolo di libro |
| Lingua: | inglese |
| Soggetti: | |
| Tags: |
Nessun Tag, puoi essere il primo ad aggiungerne!!
|
MARC
| LEADER | 00000naa a2200000 4500 | ||
|---|---|---|---|
| 001 | r009535 | ||
| 005 | 20221130112842.8 | ||
| 041 | 0 | |a eng | |
| 044 | |a NL | ||
| 245 | 1 | 0 | |a What is a firm? |b A historical perspective. |c A.D. Chandler |
| 520 | |a Problematika výkladu pojmu "podnik" (firma). Podstata pojmu podnik a história jeho vzniku. Pravideľnosť chodu podniku. Organizačné schopnosti a teória podniku. Vznik dynamickej teórie podniku. | ||
| 610 | 2 | 0 | |a pojmy |
| 610 | 2 | 0 | |a história |
| 610 | 2 | 0 | |a teória firmy |
| 610 | 2 | 0 | |a organizácia podniku |
| 610 | 2 | 0 | |a teórie ekonomické |
| 610 | 2 | 0 | |a teória firmy |
| 100 | 1 | |a Chandler, A.D. | |